000 00296nam a2200109Ia 4500
008 171211s9999 xx 000 0 und d
245 _aUmwickelte Armreife (kreativ.kompakt.)
245 _cElke Eder
260 _c2017
650 _xHobbies
856 _uhttp://down.ebook777.com/062/3772442587.pdf
999 _c350343
_d350343